[Event "RA Winter op"]
[Site "Ottawa CAN"]
[Date "2023.01.22"]
[Round "5.1"]
[White "Migot, Tangi"]
[Black "Liang, Jason"]
[Result "0-1"]
[WhiteElo "2447"]
[BlackElo "2614"]
[PlyCount "62"]
[EventDate "2023.01.20"]
[EventType "swiss"]
[EventRounds "5"]
[EventCountry "CAN"]

1. d4 d5 2. Nf3 Nf6 3. e3 e6 4. c4 a6 5. Nbd2 c5 6. cxd5 exd5 7. dxc5 Bxc5 8.
Bd3 O-O 9. O-O Nc6 10. a3 Ba7 11. h3 Re8 12. b4 Ne4 13. Bb2 Bf5 14. Nb3 Qd7 15.
Re1 Qd6 16. Nbd4 Bg6 17. Nxc6 bxc6 18. Bxa6 Bh5 19. Bf1 Bb8 20. g4 Bg6 21. Bg2
h5 22. Rc1 hxg4 23. hxg4 f5 24. Qd4 Re7 25. Qb6 Be8 26. gxf5 Bc7 27. Qd4 Bh5
28. Kf1 Rf8 29. Nd2 Ng3+ 30. Kg1 Nxf5 31. Qf4 Qg6 0-1

[Event "RA Winter op"]
[Site "Ottawa CAN"]
[Date "2023.01.22"]
[Round "5.5"]
[White "Hadid, Mohammed"]
[Black "Wiebe, Isaac"]
[Result "1-0"]
[WhiteElo "1942"]
[BlackElo "2171"]
[PlyCount "39"]
[EventDate "2023.01.20"]
[EventType "swiss"]
[EventRounds "5"]
[EventCountry "CAN"]

1. d4 d5 2. c4 dxc4 3. Nf3 a6 4. a4 Nc6 5. Bf4 Nf6 6. e3 Bg4 7. Na3 e6 8. Nxc4
Bb4+ 9. Ncd2 Ne4 10. Qc2 Bxf3 11. gxf3 Nxd2 12. Ke2 Nxf1 13. Raxf1 Bd6 14. Qe4
Bxf4 15. Qxf4 Qd5 16. Rc1 O-O 17. Rhg1 Qb3 18. Rxg7+ Kh8 19. Rxh7+ Kxh7 20.
Qh4+ 1-0

[Event "RA Winter op"]
[Site "Ottawa CAN"]
[Date "2023.01.22"]
[Round "5.6"]
[White "Gordon, David"]
[Black "Doolabi, Dylan"]
[Result "1-0"]
[WhiteElo "2237"]
[BlackElo "2121"]
[PlyCount "61"]
[EventDate "2023.01.20"]
[EventType "swiss"]
[EventRounds "5"]
[EventCountry "CAN"]

1. c4 Nf6 2. g3 g6 3. Bg2 Bg7 4. Nc3 O-O 5. e4 d6 6. Nge2 c5 7. O-O Nc6 8. d3
Nd7 9. Rb1 e6 10. f4 f5 11. Be3 Nd4 12. a3 Nb8 13. b4 Nbc6 14. Kh1 Rb8 15. Ng1
a6 16. Nce2 Bd7 17. Nxd4 Nxd4 18. bxc5 dxc5 19. exf5 gxf5 20. Bxd4 Bxd4 21.
Rxb7 Rxb7 22. Bxb7 Qa5 23. g4 Rb8 24. Bg2 Qxa3 25. gxf5 exf5 26. Nf3 Ba4 27.
Qe1 Qxd3 28. Qe6+ Kh8 29. Ne5 Qb3 30. Qf6+ Kg8 31. Bd5# 1-0

[Event "RA Winter op"]
[Site "Ottawa CAN"]
[Date "2023.01.22"]
[Round "5.7"]
[White "Kot, Emanuel"]
[Black "Latorre, Vincent"]
[Result "1/2-1/2"]
[WhiteElo "2114"]
[BlackElo "2214"]
[PlyCount "116"]
[EventDate "2023.01.20"]
[EventType "swiss"]
[EventRounds "5"]
[EventCountry "CAN"]

1. e4 e5 2. Nf3 Nc6 3. Bb5 a6 4. Ba4 Nf6 5. O-O Nxe4 6. d4 b5 7. Bb3 d5 8. dxe5
Be6 9. Qe2 Nc5 10. Rd1 Be7 11. Bxd5 Bxd5 12. Nc3 Nb4 13. Ne1 c6 14. a3 Nxc2 15.
Nxc2 Qc7 16. Nxd5 cxd5 17. Nb4 d4 18. Rxd4 O-O 19. Nd5 Qb7 20. Qf3 Rab8 21. Bf4
Ne6 22. Rd3 Rfd8 23. Rad1 Qa7 24. b4 h6 25. Be3 Qb7 26. Qe4 Rdc8 27. f4 a5 28.
f5 Rc4 29. Nxe7+ Qxe7 30. Qd5 Nf4 31. Bxf4 Rxf4 32. Qc5 Qg5 33. Qc7 Rf8 34. Rd8
Rxd8 35. Qxd8+ Kh7 36. e6 fxe6 37. fxe6 Qxd8 38. Rxd8 Re4 39. bxa5 Rxe6 40. Rd5
Re3 41. Rxb5 Rxa3 42. h4 Kg6 43. Kf2 Kf6 44. h5 Ke6 45. Ke2 Kd6 46. g4 Ra2+ 47.
Kd3 Ra4 48. Rb6+ Kd5 49. Rb5+ Kc6 50. Rb6+ Kc5 51. Rg6 Rxa5 52. Rxg7 Kd5 53.
Rg6 Ra4 54. Ke3 Ke5 55. Kf3 Ra3+ 56. Kg2 Kf4 57. Kh2 Rb3 58. Rxh6 Kxg4 1/2-1/2

[Event "SFU Summer op"]
[Site "Burnaby CAN"]
[Date "2023.06.24"]
[Round "1.1"]
[White "Su, Ethan"]
[Black "Doknjas, Joshua"]
[Result "0-1"]
[WhiteElo "2072"]
[BlackElo "2390"]
[PlyCount "159"]
[EventDate "2023.06.24"]
[EventType "swiss"]
[EventRounds "6"]
[EventCountry "CAN"]

1. c4 c5 2. Nc3 g6 3. g3 Bg7 4. Bg2 Nc6 5. Nf3 e6 6. e4 Nge7 7. O-O O-O 8. d3
d6 9. Be3 Nd4 10. Qd2 Rb8 11. Ne2 Nxf3+ 12. Bxf3 Nc6 13. Rab1 b5 14. b3 a6 15.
Bg2 Qd7 16. Bh6 Bb7 17. Bxg7 Kxg7 18. Rfd1 Rfd8 19. d4 cxd4 20. Nxd4 bxc4 21.
bxc4 Kg8 22. Nf3 Qe7 23. Rb6 Qc7 24. Rdb1 Ba8 25. Rxb8 Rxb8 26. Rd1 Ne5 27.
Nxe5 dxe5 28. Qc3 Qc5 29. Bf3 Rc8 30. Kg2 Kg7 31. Rc1 Rd8 32. Qb3 Bc6 33. Rc2
Rd4 34. Qe3 a5 35. Kh3 h6 36. Bg2 a4 37. f3 Qd6 38. c5 Qd7 39. Bf1 Qb7 40. Rc4
Rd7 41. Qc3 f6 42. Qc2 Qa7 43. Rb4 Rc7 44. Bb5 Qa5 45. Qxa4 Qxa4 46. Bxa4 Bxa4
47. Rxa4 Rxc5 48. Ra7+ Kf8 49. a4 Rc2 50. g4 Ra2 51. Kg3 Ra3 52. a5 f5 53. gxf5
exf5 54. exf5 gxf5 55. Kg2 Ra2+ 56. Kg3 h5 57. Rh7 f4+ 58. Kh3 Rxa5 59. Rxh5
Kf7 60. Kg4 Ke6 61. Rh6+ Kd5 62. Rb6 Ra2 63. Rb5+ Kd4 64. Kh3 Rf2 65. Rb3 Kc4
66. Ra3 Kd5 67. Ra5+ Ke6 68. Ra3 Kf5 69. Rb3 Re2 70. Rb8 Ke6 71. Rb5 Rf2 72.
Rb3 Kd5 73. Rd3+ Kc4 74. Ra3 Kd4 75. Rb3 Re2 76. Ra3 Kc4 77. Ra4+ Kd3 78. Ra3+
Kd4 79. Ra4+ Kd5 80. Rb4 0-1

[Event "SFU Summer op"]
[Site "Burnaby CAN"]
[Date "2023.06.24"]
[Round "1.2"]
[White "Doknjas, John"]
[Black "Leong, Aiden"]
[Result "1/2-1/2"]
[WhiteElo "2323"]
[BlackElo "2062"]
[PlyCount "70"]
[EventDate "2023.06.24"]
[EventType "swiss"]
[EventRounds "6"]
[EventCountry "CAN"]

1. Nf3 Nf6 2. c4 e6 3. Nc3 b6 4. g3 Bb7 5. Bg2 c5 6. O-O Be7 7. d4 cxd4 8. Qxd4
O-O 9. Rd1 Nc6 10. Qf4 Qb8 11. b3 Rd8 12. h3 Ne8 13. Qxb8 Raxb8 14. Bf4 Rbc8
15. Rac1 g6 16. g4 Bf6 17. Bg5 Bxg5 18. Nxg5 f5 19. gxf5 gxf5 20. Rd2 h6 21.
Nf3 Nf6 22. Nd4 Na5 23. Rcd1 Kf7 24. Bxb7 Nxb7 25. Ndb5 a6 26. Nd6+ Nxd6 27.
Rxd6 b5 28. Rxa6 bxc4 29. bxc4 Rxc4 30. Nb5 Ke7 31. Nd6 Rg8+ 32. Kf1 Rh4 33.
Rd3 Rb4 34. Rd1 Rh4 35. Rd3 Rb4 1/2-1/2

[Event "SFU Summer op"]
[Site "Burnaby CAN"]
[Date "2023.06.24"]
[Round "2.1"]
[White "Doknjas, Joshua"]
[Black "Liu, Zachary"]
[Result "0-1"]
[WhiteElo "2390"]
[BlackElo "2104"]
[PlyCount "128"]
[EventDate "2023.06.24"]
[EventType "swiss"]
[EventRounds "6"]
[EventCountry "CAN"]

1. e4 c5 2. Nf3 Nc6 3. Bb5 d6 4. O-O Bd7 5. Re1 Nf6 6. c3 a6 7. Bf1 g6 8. h3
Bg7 9. d4 cxd4 10. cxd4 O-O 11. Nc3 b5 12. Bf4 b4 13. Nd5 Nxd5 14. exd5 Nb8 15.
Qd2 a5 16. Bg5 f6 17. Bf4 Be8 18. Qe3 Ra7 19. h4 Bf7 20. Bc4 Qc8 21. Rac1 Rc7
22. Bb3 Rxc1 23. Rxc1 Qb7 24. Re1 Re8 25. Ba4 Nd7 26. Bc6 Qa7 27. Qd3 Bf8 28.
Nh2 Rc8 29. Rd1 Nb8 30. Qf3 Qb6 31. Rc1 Qxd4 32. Rc2 Nxc6 33. dxc6 Bd5 34. Qh3
Qd1+ 35. Nf1 Qxc2 36. Qxc8 Qxc6 37. Qg4 Bxa2 38. h5 Bf7 39. Ng3 Kh8 40. hxg6
Bxg6 41. Qe6 Kg7 42. Nf5+ Bxf5 43. Qxf5 Qc5 44. Qh3 Kh8 45. Qe6 Kg7 46. b3 Qh5
47. Be3 Qf7 48. Bh6+ Kg6 49. Qh3 Bxh6 50. Qg3+ Bg5 51. f4 Qd5 52. fxg5 fxg5 53.
Kh1 h5 54. Qe3 Qe5 55. Qd3+ Kh6 56. Qf3 Kg6 57. Qf8 Qe6 58. Qd8 a4 59. Qe8+ Kf5
60. Qxa4 Qe1+ 61. Kh2 Qe5+ 62. Kh1 Qe4 63. Qb5+ Kg4 64. Qf1 Kg3 0-1

[Event "SFU Summer op"]
[Site "Burnaby CAN"]
[Date "2023.06.24"]
[Round "2.2"]
[White "Doknjas, Neil"]
[Black "Jiang, Kate"]
[Result "0-1"]
[WhiteElo "2272"]
[BlackElo "2013"]
[PlyCount "80"]
[EventDate "2023.06.24"]
[EventType "swiss"]
[EventRounds "6"]
[EventCountry "CAN"]

1. e4 e5 2. Nc3 Nc6 3. g3 Nf6 4. Bg2 Bc5 5. d3 a6 6. Nge2 d6 7. O-O Bg4 8. h3
Be6 9. Kh2 h6 10. f4 Qe7 11. Nd5 Bxd5 12. exd5 Nd4 13. Ng1 g6 14. Re1 Nf5 15.
Qd2 O-O-O 16. Nf3 Qd7 17. b4 Ba7 18. fxe5 Nxd5 19. c4 Be3 20. Qb2 Bxc1 21.
Raxc1 Nde3 22. g4 Nxg2 23. Kxg2 Ne7 24. b5 axb5 25. Qa3 Kb8 26. exd6 cxd6 27.
cxb5 Nd5 28. Qb3 Nc7 29. Nd4 Rde8 30. b6 Na6 31. Rxe8+ Rxe8 32. Qd5 Re5 33. Qc4
Rc5 34. Nb5 Rxc4 35. dxc4 Qc6+ 36. Kg3 Qxb6 37. Re1 Qd8 38. Rd1 Qe7 39. Rxd6
Nc7 40. Rd2 Qe3+ 0-1

[Event "SFU Summer op"]
[Site "Burnaby CAN"]
[Date "2023.06.24"]
[Round "3.1"]
[White "Liu, Zachary"]
[Black "Qu, Lao"]
[Result "1/2-1/2"]
[WhiteElo "2104"]
[BlackElo "1996"]
[PlyCount "47"]
[EventDate "2023.06.24"]
[EventType "swiss"]
[EventRounds "6"]
[EventCountry "CAN"]

1. c4 Nf6 2. g3 g6 3. Bg2 Bg7 4. Nc3 d6 5. Nf3 O-O 6. O-O c5 7. d3 Nc6 8. Rb1
Rb8 9. a3 a6 10. b4 cxb4 11. axb4 b5 12. Nd2 Qc7 13. Nd5 Nxd5 14. cxd5 Ne5 15.
Nb3 Bb7 16. Bb2 Qb6 17. Na5 Rbc8 18. Qd2 Ba8 19. e3 Nd7 20. Bxg7 Kxg7 21. Qb2+
Kg8 22. Bh3 f5 23. e4 Ne5 24. d4 1/2-1/2

[Event "SFU Summer op"]
[Site "Burnaby CAN"]
[Date "2023.06.24"]
[Round "3.2"]
[White "Jiang, Kate"]
[Black "Doknjas, John"]
[Result "1-0"]
[WhiteElo "2013"]
[BlackElo "2323"]
[PlyCount "83"]
[EventDate "2023.06.24"]
[EventType "swiss"]
[EventRounds "6"]
[EventCountry "CAN"]

1. e4 e5 2. Bc4 Nc6 3. d3 Nf6 4. a3 Be7 5. Nc3 d6 6. h3 O-O 7. Be3 a6 8. Nge2
b5 9. Ba2 Bb7 10. O-O Nb8 11. f4 exf4 12. Nxf4 Nbd7 13. Qf3 c5 14. Qg3 Nb6 15.
Rf2 Ne8 16. Qf3 Nc7 17. Nh5 d5 18. Qg4 g6 19. Bh6 Re8 20. Raf1 Bc8 21. Qd1 Be6
22. Ng7 Bh4 23. Rf3 dxe4 24. Nxe6 fxe6 25. Rf7 Re7 26. Rf8+ Qxf8 27. Rxf8+ Rxf8
28. Bxf8 Kxf8 29. Nxe4 Rf7 30. Qg4 Bf6 31. c3 c4 32. dxc4 bxc4 33. Nxf6 Rxf6
34. Qd4 Nbd5 35. Bxc4 Kf7 36. Qa7 Kf8 37. Bxd5 Nxd5 38. Qxh7 Nf4 39. Qa7 Ne2+
40. Kh2 Rf5 41. Qxa6 Nc1 42. Qxe6 1-0

[Event "SFU Summer op"]
[Site "Burnaby CAN"]
[Date "2023.06.25"]
[Round "4.1"]
[White "Jiang, Kate"]
[Black "Liu, Zachary"]
[Result "1-0"]
[WhiteElo "2013"]
[BlackElo "2104"]
[PlyCount "59"]
[EventDate "2023.06.24"]
[EventType "swiss"]
[EventRounds "6"]
[EventCountry "CAN"]

1. e4 c5 2. c3 d5 3. exd5 Nf6 4. d4 Nxd5 5. Nf3 cxd4 6. cxd4 g6 7. Bc4 Nb6 8.
Bb3 Bg7 9. O-O O-O 10. h3 Nc6 11. Be3 Na5 12. Nc3 Nxb3 13. axb3 Nd5 14. Qe2 b6
15. Rfc1 Bb7 16. Bg5 Re8 17. Bh4 Nf4 18. Qd1 Bxf3 19. Qxf3 Qxd4 20. Ra4 Qd2 21.
Qxf4 Qxb2 22. Nd5 f6 23. Nc7 Rec8 24. Bg3 e5 25. Qc4+ Kh8 26. Raa1 b5 27. Qc3
Qxc3 28. Rxc3 f5 29. Rac1 f4 30. Nxa8 1-0

[Event "SFU Summer op"]
[Site "Burnaby CAN"]
[Date "2023.06.25"]
[Round "4.2"]
[White "Yang, Ryan"]
[Black "Qu, Leo"]
[Result "1/2-1/2"]
[WhiteElo "2231"]
[BlackElo "1996"]
[PlyCount "59"]
[EventDate "2023.06.24"]
[EventType "swiss"]
[EventRounds "6"]
[EventCountry "CAN"]

1. e4 c6 2. d4 d5 3. e5 Bf5 4. g4 Be4 5. f3 Bg6 6. h4 h5 7. Nh3 hxg4 8. Nf4 e6
9. Nxg6 fxg6 10. Qd3 Kf7 11. fxg4 Rxh4 12. Bh3 Ne7 13. Bg5 Rh8 14. Nd2 Ke8 15.
O-O-O Na6 16. a3 Kd7 17. Rdf1 Qe8 18. Rf3 Rd8 19. Rhf1 Kc8 20. Rf7 Nc7 21. Bxe7
Bxe7 22. Rxg7 Bf8 23. Rgf7 Bh6 24. Bg2 Rg8 25. Qh3 Rh8 26. Qd3 Rg8 27. Kd1 Rd7
28. R7f2 Rd8 29. Kc1 Bf8 30. Rf7 1/2-1/2

[Event "SFU Summer op"]
[Site "Burnaby CAN"]
[Date "2023.06.25"]
[Round "5.1"]
[White "Yang, Ryan"]
[Black "Jiang, Kate"]
[Result "1-0"]
[WhiteElo "2231"]
[BlackElo "2013"]
[PlyCount "101"]
[EventDate "2023.06.24"]
[EventType "swiss"]
[EventRounds "6"]
[EventCountry "CAN"]

1. e4 e5 2. Nc3 Nc6 3. Bc4 Nf6 4. d3 Na5 5. Bb3 Nxb3 6. axb3 d5 7. exd5 Nxd5 8.
Nf3 Nxc3 9. bxc3 Bd6 10. O-O O-O 11. Re1 Re8 12. h3 Qf6 13. Ba3 b6 14. Bxd6
Qxd6 15. d4 e4 16. Ne5 Bb7 17. Qg4 b5 18. Qd7 Re7 19. Qxb5 c6 20. Qe2 c5 21.
Nc4 Qf6 22. Qe3 cxd4 23. cxd4 Rc7 24. Ra5 a6 25. d5 Qd8 26. Qb6 Rd7 27. Qxd8+
Raxd8 28. d6 g6 29. Kh2 f5 30. Rd1 Kg7 31. Kg3 Kf6 32. Kf4 g5+ 33. Ke3 Rc8 34.
g4 f4+ 35. Ke2 h6 36. Ke1 Rh8 37. Rd4 Rhh7 38. Kd2 Rd8 39. Kc3 Bc8 40. Rxe4 h5
41. Ree5 hxg4 42. hxg4 Rg7 43. f3 Be6 44. Nd2 Rc8+ 45. Kb2 Ra7 46. Ne4+ Kg7 47.
Rxe6 Rd8 48. Re7+ Rxe7 49. dxe7 Re8 50. Re5 Kg6 51. Nd6 1-0

[Event "SFU Summer op"]
[Site "Burnaby CAN"]
[Date "2023.06.25"]
[Round "5.2"]
[White "Qu, Leo"]
[Black "Doknjas, Neil"]
[Result "1/2-1/2"]
[WhiteElo "1996"]
[BlackElo "2272"]
[PlyCount "123"]
[EventDate "2023.06.24"]
[EventType "swiss"]
[EventRounds "6"]
[EventCountry "CAN"]

1. d4 Nf6 2. Nc3 d5 3. Bf4 c5 4. e4 Nxe4 5. Nxe4 dxe4 6. dxc5 Qa5+ 7. c3 Qxc5
8. Qa4+ Nc6 9. Qxe4 Bf5 10. Qa4 e5 11. Be3 Qd6 12. Nf3 Be7 13. Rd1 Qc7 14. Be2
O-O 15. O-O a6 16. Bd3 Bxd3 17. Rxd3 b5 18. Qe4 f5 19. Qd5+ Rf7 20. Nxe5 Qxe5
21. Qxc6 Raf8 22. Bd4 Qd6 23. Qxd6 Bxd6 24. Bxg7 Bxh2+ 25. Kxh2 Kxg7 26. Re1
Rf6 27. Re7+ R8f7 28. Re5 f4 29. f3 Kh6 30. Rdd5 Kg7 31. Kg1 h6 32. Kf2 Kg6 33.
Rd4 Rc7 34. Red5 Rcc6 35. Ke2 Rce6+ 36. Re4 Rb6 37. Kd3 Rf5 38. Kd4 Rg5 39. Kc5
Rf6 40. Re2 Kh5 41. b3 Rfg6 42. c4 Kh4 43. cxb5 axb5 44. Rxg5 Rxg5+ 45. Kd4 Kg3
46. Ke4 h5 47. a4 bxa4 48. bxa4 h4 49. Ra2 Ra5 50. Kd4 h3 51. gxh3 Kxf3 52. Kc4
Kg3 53. Kb4 Rf5 54. a5 f3 55. a6 f2 56. Rxf2 Rxf2 57. Kb5 Kf4 58. a7 Ra2 59.
Kb6 Ke5 60. Kb7 Rb2+ 61. Kc7 Ra2 62. Kb7 1/2-1/2

[Event "SFU Summer op"]
[Site "Burnaby CAN"]
[Date "2023.06.25"]
[Round "6.1"]
[White "Doknjas, John"]
[Black "Yang, Ryan"]
[Result "1/2-1/2"]
[WhiteElo "2323"]
[BlackElo "2231"]
[PlyCount "40"]
[EventDate "2023.06.24"]
[EventType "swiss"]
[EventRounds "6"]
[EventCountry "CAN"]

1. e4 c5 2. Nf3 e6 3. b3 b6 4. d4 cxd4 5. Nxd4 Bb7 6. Bd3 Nf6 7. e5 Nd5 8. O-O
Nc6 9. Nxc6 Bxc6 10. c4 Nb4 11. Be2 Bb7 12. Bf4 Nc6 13. Nc3 Be7 14. Bd3 d6 15.
exd6 Bxd6 16. Bxd6 Qxd6 17. Nb5 Qe7 18. Be4 Rd8 19. Qf3 Ne5 20. Qg3 f6 1/2-1/2

[Event "SFU Summer op"]
[Site "Burnaby CAN"]
[Date "2023.06.25"]
[Round "6.2"]
[White "Jiang, Kate"]
[Black "Qin, Kaiqi"]
[Result "1/2-1/2"]
[WhiteElo "2013"]
[BlackElo "1982"]
[PlyCount "157"]
[EventDate "2023.06.24"]
[EventType "swiss"]
[EventRounds "6"]
[EventCountry "CAN"]

1. e4 c6 2. d4 d5 3. exd5 cxd5 4. c4 Nf6 5. Nc3 Nc6 6. Be3 Be6 7. c5 g6 8. Qb3
Qd7 9. Nf3 Bg7 10. Ne5 Qc8 11. Bb5 O-O 12. Bxc6 bxc6 13. Qa4 Bd7 14. h3 Qb7 15.
b4 Rfc8 16. O-O Ne8 17. Nf3 Nc7 18. Qb3 Rcb8 19. Rfb1 f6 20. Bf4 Re8 21. Bxc7
Qxc7 22. b5 Qb7 23. a4 Kh8 24. Rc1 e5 25. Rab1 Rab8 26. b6 e4 27. Ne1 f5 28.
Nc2 a6 29. Ne2 Bc8 30. Qg3 Ra8 31. Nb4 Qd7 32. Qd6 e3 33. Qxc6 exf2+ 34. Kxf2
Qe7 35. Re1 Bb7 36. Qc7 Qe3+ 37. Kf1 Rab8 38. c6 Rec8 39. Qf4 Qxf4+ 40. Nxf4
Bxc6 41. Nxc6 Rxc6 42. Nxd5 Bxd4 43. a5 Rc5 44. Nb4 Rb7 45. Nxa6 Rxa5 46. Re8+
Kg7 47. Nc7 Rxb6 48. Rxb6 Bxb6 49. Re7+ Kg8 50. Ne6 Ra1+ 51. Ke2 Ra7 52. Rxa7
Bxa7 53. Kf3 Kf7 54. Nf4 h6 55. Nd3 Kf6 56. g4 fxg4+ 57. Kxg4 Bb8 58. Nf2 h5+
59. Kf3 Kf5 60. Nd1 Bf4 61. Nc3 g5 62. Ne2 Be5 63. Nc1 Bf4 64. Nd3 Bc7 65. Nf2
Bb8 66. Nd3 Ba7 67. Ne1 Bb6 68. Nd3 Bc7 69. Nf2 Ba5 70. Nd1 g4+ 71. hxg4+ hxg4+
72. Kg2 Bb6 73. Nc3 Bd4 74. Ne2 Be5 75. Ng3+ Kg5 76. Nf1 Kf4 77. Nh2 g3 78. Nf1
Kf5 79. Nxg3+ 1/2-1/2

[Event "Scarborough CC Falling Leaves"]
[Site "Toronto CAN"]
[Date "2023.11.30"]
[Round "6.1"]
[White "Chamberland, Luc"]
[Black "Zhong, Ryan Yunhui"]
[Result "0-1"]
[WhiteElo "1669"]
[BlackElo "2015"]
[PlyCount "70"]
[EventDate "2023.10.26"]
[EventType "swiss"]
[EventRounds "6"]
[EventCountry "CAN"]

1. e4 e6 2. d4 d5 3. Nc3 Nf6 4. e5 Nfd7 5. f4 c5 6. Nf3 Nc6 7. Be3 a6 8. Qd2 b5
9. h4 Qb6 10. O-O-O b4 11. Na4 Qa5 12. b3 Nb6 13. Nxb6 Qxb6 14. dxc5 Bxc5 15.
Bxc5 Qxc5 16. Nd4 Nxd4 17. Qxd4 Qa5 18. Kb1 g6 19. h5 Rg8 20. h6 Bd7 21. Rh3
Rc8 22. Rd2 Ke7 23. c4 Rc7 24. Rg3 Rgc8 25. f5 exf5 26. Qh4+ Ke8 27. Qf6 Be6
28. Qh8+ Kd7 29. Qxh7 Kc6 30. Qg7 Kb6 31. Rgd3 dxc4 32. Rd6+ Ka7 33. Rc2 f4 34.
h7 Bf5 35. Bxc4 Bxc2+ 0-1

[Event "Scarborough CC Falling Leaves"]
[Site "Toronto CAN"]
[Date "2023.11.30"]
[Round "6.2"]
[White "Gao, Heye"]
[Black "Kola, Venkat Karthikeya R"]
[Result "1/2-1/2"]
[WhiteElo "1854"]
[BlackElo "1694"]
[PlyCount "100"]
[EventDate "2023.10.26"]
[EventType "swiss"]
[EventRounds "6"]
[EventCountry "CAN"]

1. e4 e6 2. d4 d5 3. Nc3 Bb4 4. e5 c5 5. a3 Bxc3+ 6. bxc3 Qc7 7. Qg4 Ne7 8.
Qxg7 Rg8 9. Qxh7 cxd4 10. Ne2 Nbc6 11. f4 Bd7 12. Qd3 O-O-O 13. cxd4 Na5 14.
Qc3 Qxc3+ 15. Nxc3 Nf5 16. Ne2 Bb5 17. c3 Nb3 18. Rb1 Nxc1 19. Rxc1 Ne3 20. g3
Nc4 21. Kf2 Kb8 22. Ra1 Rc8 23. Nc1 Ba4 24. Bxc4 Rxc4 25. Ne2 Bb5 26. Rab1 a6
27. Rb4 Rc6 28. Rb3 Bc4 29. Rb2 Bxe2 30. Kxe2 Rxc3 31. Rhb1 Rc7 32. Kd3 Rgc8
33. Rb3 Rc2 34. R1b2 R8c3+ 35. Rxc3 Rxb2 36. Rc2 Rb3+ 37. Ke2 Rxa3 38. Kf2 b5
39. h4 b4 40. Rb2 a5 41. h5 Rc3 42. h6 Kb7 43. h7 Rc8 44. Ke3 Rh8 45. Rh2 a4
46. g4 Kc7 47. Kd3 Kd7 48. f5 exf5 49. gxf5 Ke7 50. Rh1 Kf8 1/2-1/2

[Event "Scarborough CC Falling Leaves"]
[Site "Toronto CAN"]
[Date "2023.11.30"]
[Round "6.3"]
[White "Cheng, Adrien"]
[Black "Dhungel, Uttam"]
[Result "1/2-1/2"]
[WhiteElo "1668"]
[BlackElo "1776"]
[PlyCount "113"]
[EventDate "2023.10.26"]
[EventType "swiss"]
[EventRounds "6"]
[EventCountry "CAN"]

1. e4 c5 2. Nf3 Nc6 3. Bb5 g6 4. c3 Bg7 5. O-O a6 6. Bxc6 dxc6 7. h3 e5 8. d3
Ne7 9. Be3 Qd6 10. Na3 b5 11. Nc2 O-O 12. b4 cxb4 13. cxb4 Qc7 14. d4 Rd8 15.
Qe2 exd4 16. Ncxd4 a5 17. Rac1 axb4 18. Qc2 Bb7 19. Nxb5 Qa5 20. Nbd4 Qxa2 21.
Qc5 Bf8 22. Qxb4 Ba6 23. Ra1 Qc4 24. Qxc4 Bxc4 25. Rxa8 Rxa8 26. Rc1 Bb5 27.
Bg5 Ra6 28. Bxe7 Bxe7 29. Ne5 Bd6 30. Nexc6 Bf4 31. Ne7+ Kf8 32. Re1 Kxe7 33.
Nxb5 Be5 34. Rc1 Kd7 35. Nc3 Ke6 36. Nd5 Ra1 37. Rxa1 Bxa1 38. Ne3 Ke5 39. Nc2
Bc3 40. f3 f5 41. exf5 gxf5 42. Kf2 f4 43. Ke2 Ba5 44. Kd3 Kf6 45. Ke4 Kg5 46.
Nd4 Bd2 47. Ne6+ Kh4 48. Nxf4 Kg3 49. Nh5+ Kxg2 50. Nf6 Kxh3 51. Nxh7 Kh4 52.
Nf6 Kg5 53. Ng4 Bf4 54. Nf2 Bc7 55. Nd3 Kf6 56. f4 Bxf4 57. Kxf4 1/2-1/2

[Event "Scarborough CC Falling Leaves"]
[Site "Toronto CAN"]
[Date "2023.11.30"]
[Round "6.4"]
[White "Yang, Larry"]
[Black "Bossy, John"]
[Result "1-0"]
[WhiteElo "2211"]
[BlackElo "1913"]
[PlyCount "63"]
[EventDate "2023.10.26"]
[EventType "swiss"]
[EventRounds "6"]
[EventCountry "CAN"]

1. e4 c5 2. Nc3 d6 3. g3 Nc6 4. Bg2 g6 5. d3 Bg7 6. f4 e6 7. Nf3 Nge7 8. O-O
O-O 9. Be3 Nd4 10. Rb1 Rb8 11. Ne2 Nec6 12. c3 Nxf3+ 13. Bxf3 b6 14. d4 Bb7 15.
g4 f5 16. gxf5 exf5 17. e5 cxd4 18. cxd4 dxe5 19. fxe5 Ne7 20. Nf4 Bxf3 21.
Rxf3 Qd7 22. Qb3+ Kh8 23. Rd1 Qb7 24. Rh3 Rfd8 25. Qf7 Rd7 26. e6 Rc7 27. Nxg6+
Nxg6 28. Qxg6 Bf8 29. Qf6+ Rg7+ 30. Rg3 Qe7 31. Qe5 Qc7 32. Bf4 1-0

[Event "Scarborough CC Falling Leaves"]
[Site "Toronto CAN"]
[Date "2023.11.30"]
[Round "6.5"]
[White "Wang, Nathan"]
[Black "Balakrishnan, Shankar"]
[Result "1-0"]
[WhiteElo "1936"]
[BlackElo "1782"]
[Annotator ",hugh_brodie@hotmail."]
[PlyCount "85"]
[EventDate "2023.10.26"]
[EventType "swiss"]
[EventRounds "6"]
[EventCountry "CAN"]

1. e4 d5 2. exd5 Nf6 3. d4 Bg4 4. Be2 Bxe2 5. Qxe2 Qxd5 6. Nf3 e6 7. c4 Bb4+ 8.
Bd2 Bxd2+ 9. Nbxd2 Qh5 10. O-O O-O 11. b4 Nbd7 12. Nb3 Rfe8 13. Rfe1 b6 14. Ne5
Qxe2 15. Rxe2 Nxe5 16. dxe5 Nd7 17. Rd1 Nf8 18. Nd4 a5 19. b5 f6 20. Nc6 Kf7
21. exf6 gxf6 22. f4 h5 23. Re3 Kg6 24. Re4 a4 25. a3 Kf5 26. Rde1 Kg6 27. R1e2
Kf7 28. Rd2 Rac8 29. Kf2 Kg6 30. h3 h4 31. Ke1 Kf5 32. Rde2 Kg6 33. Kd2 Kf7 34.
Rd4 Ng6 35. Rd7+ Ne7 36. Kc3 Kf8 37. Rxe6 Nxc6 38. Rxf6+ Kg8 39. Rg6+ Kf8 40.
Rf6+ Kg8 41. Rg6+ Kf8 42. bxc6 Re3+ 43. Kb4 {White won a few moves later.} 1-0

[Event "Scarborough CC Jack Frost"]
[Site "Toronto CAN"]
[Date "2023.12.07"]
[Round "1.1"]
[White "Yang, Larry"]
[Black "Kola, Venkat Karthikeya R"]
[Result "1/2-1/2"]
[WhiteElo "2132"]
[BlackElo "1766"]
[PlyCount "120"]
[EventDate "2023.12.07"]
[EventType "swiss"]
[EventRounds "7"]
[EventCountry "CAN"]

1. e4 e6 2. d4 d5 3. Nd2 c5 4. exd5 exd5 5. Bb5+ Bd7 6. Bxd7+ Nxd7 7. Ne2 Bd6
8. O-O Ngf6 9. Nf3 O-O 10. dxc5 Bxc5 11. Nc3 d4 12. Nxd4 Ne5 13. Nf3 Qxd1 14.
Rxd1 Nxf3+ 15. gxf3 Rad8 16. Bg5 Bd4 17. Rd3 h6 18. Be3 Bxc3 19. Rxc3 Nd5 20.
Rb3 Nxe3 21. fxe3 Rd2 22. Rf1 Rxc2 23. Rxb7 Rd8 24. Rf2 Rd1+ 25. Kg2 Rxf2+ 26.
Kxf2 Rd2+ 27. Kg3 g5 28. h4 f6 29. hxg5 fxg5 30. Kg4 Rh2 31. e4 a5 32. Kf5 a4
33. Kg6 Kf8 34. e5 Rh1 35. Rf7+ Ke8 36. Rf6 Rh2 37. Rb6 Re2 38. a3 Rxe5 39.
Kxh6 Rf5 40. Rb4 Rxf3 41. Rxa4 Rb3 42. Kxg5 Rxb2 43. Kf5 Kd7 44. Ra6 Kc7 45.
Ke5 Kb7 46. Ra4 Kb6 47. Ra8 Rd2 48. Ke4 Rd7 49. Ra4 Ra7 50. Rb4+ Kc5 51. Rb3
Kc4 52. Rh3 Re7+ 53. Kf5 Rb7 54. Rh8 Ra7 55. Rh3 Rb7 56. Rh6 Ra7 57. Rh4+ Kb3
58. Rh1 Rxa3 59. Rh3+ Kb4 60. Rxa3 Kxa3 1/2-1/2

[Event "Scarborough CC Jack Frost"]
[Site "Toronto CAN"]
[Date "2023.12.07"]
[Round "1.2"]
[White "Chamberland, Luc"]
[Black "Southam, David"]
[Result "0-1"]
[WhiteElo "1777"]
[BlackElo "2064"]
[PlyCount "82"]
[EventDate "2023.12.07"]
[EventType "swiss"]
[EventRounds "7"]
[EventCountry "CAN"]

1. e4 e6 2. d4 d5 3. exd5 exd5 4. c4 Bb4+ 5. Nc3 Ne7 6. Nf3 Bg4 7. Be2 O-O 8.
O-O Nbc6 9. a3 Bxc3 10. bxc3 dxc4 11. Bxc4 Nd5 12. Qd3 Bh5 13. Bxd5 Qxd5 14. c4
Qd7 15. d5 Bxf3 16. Qxf3 Ne5 17. Qc3 Rfe8 18. Bb2 f6 19. Rfe1 c6 20. f4 Nf7 21.
Qg3 Kh8 22. Rad1 cxd5 23. cxd5 Rxe1+ 24. Qxe1 Re8 25. Qd2 Nd6 26. Qd3 Re4 27.
g3 Qe8 28. Bd4 b6 29. Bf2 h6 30. Rc1 Qg6 31. Kg2 Nf5 32. Qd2 Nh4+ 33. Kh1 Nf3
34. Qc2 Qh5 35. h4 f5 36. Kg2 Qg4 37. Rh1 Nd4 38. Qc8+ Kh7 39. Bxd4 Rxd4 40.
Rf1 Rxd5 41. Qc3 Rc5 0-1